000
00211nam a22001097a 4500
041
_a
eng
080
_a
80
100
_a
Lawrence, Ronald M.
245
_a
Going the distance.
650
_a
Fiction
999
_c
279441
_d
279441
942
_c
BK